[Event "Serbia op-A"]
[Site "Belgrade"]
[Date "2025.07.21"]
[Round "7"]
[White "Kholyavko, Mariya"]
[Black "Belke, Frank"]
[Result "1-0"]
[WhiteElo "2091"]
[BlackElo "2207"]
[PlyCount "75"]
[EventDate "2025.07.14"]
[EventType "swiss"]
[EventRounds "9"]
[EventCountry "SRB"]
[SourceTitle "CB30_2025"]
[SourceDate "2025.07.23"]
[SourceVersion "1"]
[SourceVersionDate "2025.07.23"]
[SourceQuality "1"]

1. e4 e6 2. d4 d5 3. e5 c5 4. c3 Nc6 5. Nf3 Bd7 6. Be2 Nge7 7. 0-0 Ng6 8. Na3 Be7 9. Nc2 0-0 10. Re1 cxd4 11. cxd4 Rc8 12. g3 Nb4 13. Ne3 Qb6 14. h4 f5 15. exf6 Bxf6 16. h5 Ne7 17. b3 Nf5 18. Nxf5 exf5 19. Ba3 Rfe8 20. Qd2 Rc2 21. Qxb4 Qxb4 22. Bxb4 Rexe2 23. Rxe2 Rxe2 24. Bd6 Rc2 25. Ne5 Be8 26. h6 gxh6 27. b4 Bb5 28. a4 Be2 29. Ra3 Bg5 30. f4 Bf6 31. a5 h5 32. Bc5 h4 33. Nd7 Bd8 34. Re3 h3 35. Re8+ Kf7 36. Rxd8 Bf1 37. Ne5+ Kg7 38. Bf8+ 1-0

[Event "Serbia op-A"]
[Site "Belgrade"]
[Date "2025.07.17"]
[Round "4"]
[White "Martic, Ivan"]
[Black "Kholyavko, Mariya"]
[Result "1-0"]
[WhiteElo "2287"]
[BlackElo "2091"]
[PlyCount "95"]
[EventDate "2025.07.14"]
[EventType "swiss"]
[EventRounds "9"]
[EventCountry "SRB"]
[SourceTitle "CB30_2025"]
[SourceDate "2025.07.23"]
[SourceVersion "1"]
[SourceVersionDate "2025.07.23"]
[SourceQuality "1"]

1. e4 c5 2. Nf3 g6 3. d4 cxd4 4. Nxd4 Nc6 5. c4 Bg7 6. Be3 Qb6 7. Nb3 Qd8 8. Qd2 Nf6 9. f3 d6 10. Nc3 Be6 11. Be2 Nd7 12. Rc1 a5 13. Na1 a4 14. Nc2 Qa5 15. Na3 0-0 16. 0-0 Rfc8 17. f4 f5 18. exf5 gxf5 19. Kh1 Kh8 20. Rfd1 Qb4 21. Bf2 Bf7 22. Bd3 Bg6 23. Nab5 Nc5 24. Be2 Ne4 25. Nxe4 fxe4 26. Nc3 e5 27. a3 Qa5 28. fxe5 Nxe5 29. Qxd6 Nxc4 30. Bxc4 Rxc4 31. Bd4 Bxd4 32. Rxd4 Rc6 33. Qg3 Rf8 34. h3 Re6 35. Nd5 Rd8 36. Nc7 Ree8 37. Nxe8 Rxe8 38. Qe3 Rf8 39. Rb4 Qa6 40. Qd4+ Kg8 41. Qd5+ Rf7 42. Rbc4 Qf6 43. Qd2 Bf5 44. Rc7 Rf8 45. Rxb7 Qe5 46. Qg5+ Kh8 47. Rc5 Qd4 48. Rd5 1-0

[Event "Serbia op-A"]
[Site "Belgrade"]
[Date "2025.07.14"]
[Round "2"]
[White "Kholyavko, Mariya"]
[Black "Aydogan, Arya"]
[Result "1-0"]
[WhiteElo "2091"]
[BlackElo "1981"]
[PlyCount "85"]
[EventDate "2025.07.14"]
[EventType "swiss"]
[EventRounds "9"]
[EventCountry "SRB"]
[SourceTitle "CB30_2025"]
[SourceDate "2025.07.23"]
[SourceVersion "1"]
[SourceVersionDate "2025.07.23"]
[SourceQuality "1"]

1. e4 e5 2. Nf3 Nc6 3. Bc4 Bc5 4. d3 Nf6 5. Nc3 d6 6. Na4 Bb6 7. a3 h6 8. h3 Be6 9. Bxe6 fxe6 10. b4 Qd7 11. c3 0-0 12. 0-0 Qf7 13. Nxb6 axb6 14. Be3 Nh5 15. d4 exd4 16. cxd4 Nf4 17. Kh2 g5 18. Ne1 d5 19. g3 Ng6 20. e5 Nce7 21. Ng2 Nf5 22. Bc1 Qg7 23. f4 gxf4 24. Nxf4 Nxf4 25. Bxf4 Qg6 26. Qc2 Qg7 27. Qd2 Kh7 28. a4 c6 29. Rac1 Rxa4 30. g4 Ra3 31. gxf5 Rxf5 32. Be3 Qf7 33. Rxf5 Qxf5 34. Rg1 Qe4 35. Qf2 Qf5 36. Qg2 Qf7 37. Qc2+ Kh8 38. Bxh6 Qh5 39. Qg2 Qf7 40. Rf1 Qg8 41. Rf8 Qxf8 42. Bxf8 Kh7 43. Qg7# 1-0

[Event "Serbia op-A"]
[Site "Belgrade"]
[Date "2025.07.14"]
[Round "5"]
[White "Kholyavko, Mariya"]
[Black "Dixit, Arun"]
[Result "1/2-1/2"]
[WhiteElo "2091"]
[BlackElo "2270"]
[PlyCount "93"]
[EventDate "2025.07.14"]
[EventType "swiss"]
[EventRounds "9"]
[EventCountry "SRB"]
[SourceTitle "CB30_2025"]
[SourceDate "2025.07.23"]
[SourceVersion "1"]
[SourceVersionDate "2025.07.23"]
[SourceQuality "1"]

1. e4 c5 2. Nf3 Nc6 3. d4 cxd4 4. Nxd4 Nf6 5. Nc3 e6 6. Ndb5 d6 7. Bf4 e5 8. Bg5 a6 9. Na3 b5 10. Nd5 Be7 11. Bxf6 Bxf6 12. c4 b4 13. Nc2 0-0 14. Qf3 Be6 15. Nxf6+ Qxf6 16. Qxf6 gxf6 17. Bd3 Rfb8 18. b3 a5 19. Kd2 a4 20. g3 Na5 21. Rhb1 Kf8 22. Kc1 Nb7 23. Ne3 Nc5 24. Bc2 Bd7 25. h4 Ra7 26. Kb2 h5 27. Rd1 Ra6 28. f3 Be6 29. f4 Bg4 30. Nxg4 hxg4 31. f5 Ke7 32. Rh1 Rba8 33. Rhd1 Kd7 34. Rh1 Kc6 35. h5 Rh8 36. Rae1 Rh6 37. Re3 a3+ 38. Kc1 Ra8 39. Bd1 Rg8 40. Rh4 Rg5 41. Bxg4 Kd7 42. Bd1 Ke7 43. Rh2 Rg8 44. g4 Rd8 45. Rg2 Kf8 46. Bf3 Kg7 47. Kd2 1/2-1/2

[Event "Asia-ch U20 Girls"]
[Site "Waskaduwa"]
[Date "2025.06.28"]
[Round "3"]
[White "Orazalina, Nursulu"]
[Black "Kholyavko, Mariya"]
[Result "1/2-1/2"]
[WhiteElo "1932"]
[BlackElo "2175"]
[PlyCount "57"]
[EventDate "2025.06.27"]
[EventType "swiss"]
[EventRounds "9"]
[EventCountry "SRI"]
[SourceTitle "CB28_2025"]
[SourceDate "2025.07.09"]
[SourceVersion "1"]
[SourceVersionDate "2025.07.09"]
[SourceQuality "1"]

1. e4 c5 2. c4 Nc6 3. Ne2 g6 4. d4 cxd4 5. Nxd4 Nf6 6. Nc3 Nxd4 7. Qxd4 d6 8. Be3 Bg7 9. Be2 0-0 10. Qd2 a5 11. Rd1 a4 12. 0-0 Be6 13. f4 Qa5 14. Bd4 Rfc8 15. b3 axb3 16. axb3 Qb4 17. f5 Bd7 18. Bxf6 Bxf6 19. Nd5 Qxd2 20. Nxf6+ exf6 21. Rxd2 Bc6 22. fxg6 hxg6 23. Rxf6 Ra1+ 24. Kf2 Rb1 25. Rf3 Bxe4 26. Re3 Bc6 27. Rxd6 Rb2 28. Rdd3 Ra8 29. Kg3 1/2-1/2

[Event "KAZ-ch (Women)"]
[Site "Astana"]
[Date "2025.05.27"]
[Round "9"]
[White "Kholyavko, Mariya"]
[Black "Kaliakhmet, Elnaz"]
[Result "0-1"]
[WhiteElo "2130"]
[BlackElo "2258"]
[PlyCount "108"]
[EventDate "2025.05.21"]
[EventType "tourn"]
[EventRounds "13"]
[EventCountry "KAZ"]
[SourceTitle "CB24_2025"]
[SourceDate "2025.06.11"]
[SourceVersion "1"]
[SourceVersionDate "2025.06.11"]
[SourceQuality "1"]

1. e4 e5 2. Nf3 Nc6 3. Bc4 Nf6 4. d3 Be7 5. 0-0 0-0 6. c3 d5 7. exd5 Nxd5 8. Re1 Bg4 9. h3 Bh5 10. Nbd2 Nb6 11. Bb5 f6 12. Ne4 Qd5 13. c4 Qd8 14. Bxc6 bxc6 15. Ng3 Bg6 16. d4 Nxc4 17. b3 Na3 18. Nh4 exd4 19. Ngf5 Bb4 20. Bxa3 Bxa3 21. Qg4 Bxf5 22. Nxf5 g6 23. Nxd4 f5 24. Qf4 Bd6 25. Qf3 Qf6 26. Nxc6 Rae8 27. Rac1 a6 28. a4 Kg7 29. b4 Qb2 30. Qd3 Re4 31. Rb1 Rfe8 32. Red1 Qe2 33. Qc3+ Kg8 34. Nd4 Qa2 35. Ra1 Qf7 36. Re1 Qd5 37. Rxe4 Rxe4 38. Nc2 Be5 39. Qa3 Bxa1 40. Qxa1 Qd3 41. Ne3 Rxb4 42. Qa2+ Rb3 43. Kh2 c5 44. a5 Kg7 45. Qa1+ Qd4 46. Qf1 Rb5 47. Nc4 Rb4 48. Ne3 Qe5+ 49. Kh1 Qb8 50. Qxa6 Rb1+ 51. Nf1 Qb5 52. Qa7+ Kh6 53. Qe7 Rxf1+ 54. Kh2 Qb8+ 0-1

[Event "Almaty zt 3.4 (Women)"]
[Site "Almaty"]
[Date "2025.04.07"]
[Round "7"]
[White "Kholyavko, Mariya"]
[Black "Nadirjanova, Nodira"]
[Result "1-0"]
[WhiteElo "1933"]
[BlackElo "2128"]
[PlyCount "87"]
[EventDate "2025.04.02"]
[EventType "swiss"]
[EventRounds "9"]
[EventCountry "KAZ"]
[SourceTitle "CB15_2025"]
[SourceDate "2025.04.09"]
[SourceVersion "1"]
[SourceVersionDate "2025.04.09"]
[SourceQuality "1"]

1. e4 e6 2. d4 d5 3. e5 c5 4. c3 Ne7 5. Nf3 Nec6 6. Bd3 b6 7. a3 a5 8. Nbd2 Ba6 9. Bb1 Nd7 10. Nf1 Qc7 11. Be3 Bxf1 12. Kxf1 h6 13. h4 a4 14. Bd3 Ra5 15. h5 b5 16. Qe2 cxd4 17. cxd4 b4 18. g4 Be7 19. Kg2 Qb6 20. Qc2 Ra7 21. Rhc1 Ndb8 22. Qd1 b3 23. Rc3 Kd7 24. Rac1 Rc8 25. Qf1 Rb7 26. Nd2 Rf8 27. f4 f6 28. Bg6 Qa5 29. Qd3 Qb5 30. Nf3 Qxd3 31. Bxd3 Bd8 32. f5 Ne7 33. exf6 Rxf6 34. Ne5+ Ke8 35. fxe6 Rxe6 36. Bf2 Nd7 37. Nxd7 Kxd7 38. Bg3 Bb6 39. Bb5+ Kd8 40. Bh4 Rb8 41. Rf3 Bc5 42. Rxc5 Rxb5 43. Rxb5 Re2+ 44. Rf2 1-0

[Event "Almaty zt 3.4 (Women)"]
[Site "Almaty"]
[Date "2025.04.02"]
[Round "1"]
[White "Kholyavko, Mariya"]
[Black "Kamalidenova, Meruert"]
[Result "0-1"]
[WhiteElo "1933"]
[BlackElo "2342"]
[PlyCount "88"]
[EventDate "2025.04.02"]
[EventType "swiss"]
[EventRounds "9"]
[EventCountry "KAZ"]
[SourceTitle "CB15_2025"]
[SourceDate "2025.04.09"]
[SourceVersion "1"]
[SourceVersionDate "2025.04.09"]
[SourceQuality "1"]

1. e4 c5 2. Nf3 Nc6 3. d4 cxd4 4. Nxd4 Nf6 5. Nc3 e5 6. Ndb5 d6 7. Bg5 a6 8. Na3 b5 9. Nd5 Be7 10. Bxf6 Bxf6 11. c4 b4 12. Nc2 0-0 13. g3 a5 14. Qf3 Bg5 15. h4 Bh6 16. Bh3 Be6 17. Kf1 a4 18. Kg2 Qa5 19. g4 Bf4 20. Nxf4 exf4 21. Qxf4 Bxc4 22. Qxd6 Qb5 23. Ne3 Rad8 24. Qf4 Bd3 25. f3 Nd4 26. Nf5 Ne6 27. Qg3 b3 28. a3 Qc5 29. g5 Qc2+ 30. Qf2 Nf4+ 31. Kg3 Ne2+ 32. Kg4 Bxe4 33. Ne7+ Kh8 34. Rhe1 Bd3 35. Bf1 Qc4+ 36. Kh3 Nf4+ 37. Kh2 Bxf1 38. Rxf1 Qe6 39. Rfe1 Qh3+ 40. Kg1 Nd3 41. Qe3 Qg3+ 42. Kf1 Qxh4 43. Nc6 Qh1+ 44. Ke2 Qg2+ 0-1

[Event "World U20 Girls blitz op"]
[Site "Tashkent"]
[Date "2024.08.06"]
[Round "4"]
[White "Kholyavko, Mariya"]
[Black "Nurgali, Nazerke"]
[Result "1-0"]
[WhiteElo "1901"]
[BlackElo "2215"]
[PlyCount "113"]
[EventDate "2024.08.06"]
[EventType "swiss (blitz)"]
[EventRounds "9"]
[EventCountry "UZB"]
[SourceTitle "CBM 221 Extra"]
[Source "ChessBase"]
[SourceDate "2024.09.30"]
[SourceVersion "1"]
[SourceVersionDate "2024.09.30"]
[SourceQuality "1"]

1. e4 c5 2. Nf3 e6 3. d4 cxd4 4. Nxd4 Nf6 5. Nc3 Nc6 6. Ndb5 Bb4 7. a3 Bxc3+ 8. Nxc3 d5 9. exd5 exd5 10. Bd3 Bg4 11. f3 Be6 12. 0-0 h6 13. Kh1 0-0 14. Ne2 Ne5 15. Nd4 Nxd3 16. Nxe6 fxe6 17. Qxd3 Qd7 18. Bf4 Rac8 19. Rfe1 Rc6 20. c3 Rc4 21. Be5 Qf7 22. Rad1 Nd7 23. Bd6 Re8 24. b3 Rc6 25. Bg3 Rec8 26. Rc1 Nc5 27. Qb1 Rb6 28. b4 Nd7 29. Qd3 Rbc6 30. Qe3 Nb6 31. h3 Nc4 32. Qxa7 Ra6 33. Qd4 Nxa3 34. Re2 Rac6 35. Rce1 Nb5 36. Qg4 Re8 37. Be5 Rc4 38. f4 h5 39. Qg3 Rec8 40. Re3 Na3 41. R1e2 Nb5 42. Qg5 Nc7 43. Bd4 Rc6 44. Re5 Ne8 45. Qxh5 Qxh5 46. Rxh5 Kf7 47. f5 exf5 48. Rxf5+ Kg8 49. Rxd5 Nc7 50. Rd7 Ne6 51. Be5 b5 52. Rf2 Rc4 53. Rff7 Re4 54. Bxg7 Nf4 55. Bd4 Ne6 56. Bf6 Nf8 57. Rg7+ 1-0

[Event "Asia-ch U14 Girls"]
[Site "Almaty"]
[Date "2024.06.18"]
[Round "8"]
[White "Ivashentseva, Dominika"]
[Black "Kholyavko, Mariya"]
[Result "1-0"]
[WhiteElo "1874"]
[BlackElo "1857"]
[PlyCount "131"]
[EventDate "2024.06.12"]
[EventType "swiss"]
[EventRounds "9"]
[EventCountry "KAZ"]
[SourceTitle "EXT 2025"]
[Source "ChessBase"]
[SourceDate "2024.10.14"]
[SourceVersion "1"]
[SourceVersionDate "2024.10.14"]
[SourceQuality "1"]
[WhiteTeam "FID"]
[BlackTeam "KAZ"]

1. Nf3 Nf6 2. g3 g6 3. b3 Bg7 4. Bb2 0-0 5. Bg2 d6 6. d4 Nbd7 7. 0-0 c6 8. c4 Qc7 9. Qc2 h6 10. e4 e5 11. dxe5 dxe5 12. Rd1 Rd8 13. Nxe5 Nxe5 14. Rxd8+ Qxd8 15. Bxe5 Be6 16. Nc3 Qa5 17. Bxf6 Bxf6 18. Rc1 Rd8 19. Bf1 h5 20. a4 h4 21. Rd1 Bg4 22. Rxd8+ Qxd8 23. Ne2 Be5 24. Nc1 Qg5 25. Nd3 Bd4 26. Qc1 Qh5 27. Qf4 hxg3 28. hxg3 Bf3 29. Bg2 Be2 30. Qb8+ Kg7 31. Nf4 Qa5 32. Qd6 Be5 33. Qe7 Bxf4 34. gxf4 Qe1+ 35. Kh2 Qxf2 36. Qe5+ Kh7 37. Qf6 Kg8 38. Qd8+ Kg7 39. Qd2 b6 40. Kh1 c5 41. Kh2 Qh4+ 42. Kg1 Qg4 43. Kf2 Bd1 44. Qc3+ Kg8 45. Qe3 Qd7 46. Ke1 Bc2 47. Bf3 Qd4 48. Qxd4 cxd4 49. b4 Bxa4 50. Kd2 Bc6 51. Kd3 a6 52. Bd1 Kf8 53. Kxd4 Ke7 54. e5 Bb7 55. c5 a5 56. cxb6 axb4 57. Kc5 Ke6 58. Bg4+ f5 59. exf6+ Kxf6 60. Kxb4 Ke7 61. Kc5 Ba8 62. Bc8 Kf6 63. Kd6 Be4 64. Kc7 g5 65. fxg5+ Kxg5 66. Bd7 1-0

[Event "Asia-ch U14 Girls"]
[Site "Almaty"]
[Date "2024.06.16"]
[Round "6"]
[White "Assylkhan, Asiya"]
[Black "Kholyavko, Mariya"]
[Result "0-1"]
[WhiteElo "1893"]
[BlackElo "1857"]
[PlyCount "90"]
[EventDate "2024.06.12"]
[EventType "swiss"]
[EventRounds "9"]
[EventCountry "KAZ"]
[SourceTitle "EXT 2025"]
[Source "ChessBase"]
[SourceDate "2024.10.14"]
[SourceVersion "1"]
[SourceVersionDate "2024.10.14"]
[SourceQuality "1"]
[WhiteTeam "KAZ"]
[BlackTeam "KAZ"]

1. d4 Nf6 2. c4 g6 3. Nc3 Bg7 4. e4 d6 5. Nf3 0-0 6. Be2 e5 7. 0-0 Nc6 8. d5 Ne7 9. Bd2 Nd7 10. b4 h6 11. a4 f5 12. a5 f4 13. Bc1 g5 14. h3 Ng6 15. Nd2 Nf6 16. c5 Rf7 17. Ba3 Bf8 18. Rc1 Rg7 19. Bg4 Nxg4 20. hxg4 Nh4 21. cxd6 cxd6 22. g3 Ng6 23. Re1 Qd7 24. f3 Be7 25. Nf1 Bd8 26. Qa4 Qf7 27. Qd1 b6 28. a6 b5 29. Nxb5 Bb6+ 30. Kg2 Qf8 31. Rc6 fxg3 32. Nxd6 Bxg4 33. Nf5 Bxf5 34. exf5 Nf4+ 35. Kxg3 Qxf5 36. Rc5 Qh3+ 37. Kf2 Qg2+ 38. Ke3 Qa2 39. Bc1 Bxc5+ 40. bxc5 Ng2+ 41. Kd3 Qxd5+ 42. Ke2 Qc4+ 43. Kf2 Nxe1 44. Ne3 Nd3+ 45. Kg1 Qxc1 0-1

[Event "Asia-ch U12 Girls"]
[Site "Al Ain"]
[Date "2023.12.18"]
[Round "6"]
[White "Gorli, Nyna"]
[Black "Kholyavko, Mariya"]
[Result "0-1"]
[WhiteElo "1652"]
[BlackElo "1679"]
[PlyCount "89"]
[EventDate "2023.12.14"]
[EventType "swiss"]
[EventRounds "9"]
[EventCountry "UAE"]
[SourceTitle "EXT 2025"]
[Source "ChessBase"]
[SourceDate "2024.10.14"]
[SourceVersion "1"]
[SourceVersionDate "2024.10.14"]
[SourceQuality "1"]

1. e4 c5 2. c3 Nf6 3. e5 Nd5 4. Nf3 Nc6 5. Bc4 Nb6 6. Bb3 d5 7. exd6 Qxd6 8. 0-0 Be6 9. Bxe6 Qxe6 10. Re1 Qd7 11. a4 e6 12. Na3 Be7 13. Nc2 0-0 14. d4 Rfd8 15. Be3 cxd4 16. Ncxd4 Nc4 17. Nxc6 Qxc6 18. Qe2 Nxe3 19. Qxe3 h6 20. Ne5 Qd5 21. c4 Qd2 22. Qb3 Bc5 23. Qf3 Rf8 24. Rad1 Qxb2 25. Rd7 Bb4 26. Rxb7 Qc3 27. Nd3 Rad8 28. Rd1 a5 29. Rc7 Qb3 30. Qe2 Rd4 31. Ra7 Rfd8 32. Qf3 Qxd1+ 33. Qxd1 Rxd3 34. Qf1 Rd1 35. c5 Rxf1+ 36. Kxf1 Rd1+ 37. Ke2 Rc1 38. Ra8+ Kh7 39. Ra7 Kg6 40. Rc7 Rxc5 41. Ra7 Rc2+ 42. Kf3 Rxf2+ 43. Kg3 Ra2 44. h4 Ra3+ 45. Kf4 0-1

[Event "Wch U12 Girls"]
[Site "Sharm El Sheikh"]
[Date "2023.10.26"]
[Round "11"]
[White "Kholyavko, Mariya"]
[Black "Tong, Thai Hoang An"]
[Result "1-0"]
[WhiteElo "1578"]
[BlackElo "1559"]
[PlyCount "123"]
[EventDate "2023.10.16"]
[EventType "swiss"]
[EventRounds "11"]
[EventCountry "EGY"]
[SourceTitle "EXT 2025"]
[Source "ChessBase"]
[SourceDate "2024.10.14"]
[SourceVersion "1"]
[SourceVersionDate "2024.10.14"]
[SourceQuality "1"]

1. e4 c6 2. d4 d5 3. Nc3 dxe4 4. Nxe4 Bf5 5. Nc5 Qc7 6. Bd3 Bxd3 7. Nxd3 e6 8. Nf3 Nd7 9. 0-0 Bd6 10. c4 c5 11. Be3 b6 12. dxc5 bxc5 13. Qc2 Ne7 14. Rad1 0-0 15. Rfe1 Nf5 16. Bc1 Nf6 17. h3 Rad8 18. b3 Nd4 19. Nxd4 cxd4 20. Qe2 e5 21. Bg5 Rde8 22. Bxf6 gxf6 23. c5 Be7 24. Qh5 Qc6 25. f3 Kh8 26. Re4 Rg8 27. Qxf7 Rg7 28. Qh5 Rg5 29. Qh6 Rg6 30. Qc1 Reg8 31. Rd2 Bf8 32. Rf2 Bh6 33. Qe1 Be3 34. Rxe3 dxe3 35. Qxe3 Rg3 36. h4 Qd7 37. Ne1 Rh3 38. Rd2 Qg7 39. Kf1 Rxh4 40. c6 Qc7 41. Qc5 Rd4 42. Rxd4 exd4 43. b4 Re8 44. Nd3 Rg8 45. b5 Qh2 46. Qxd4 Qxg2+ 47. Ke1 Re8+ 48. Kd1 Qe2+ 49. Kc1 Qf1+ 50. Kb2 Qxf3 51. Kc3 Qf5 52. a4 a6 53. b6 Rc8 54. c7 Kg7 55. Nc5 Qh3+ 56. Kb4 a5+ 57. Kb5 Qf1+ 58. Kc6 Qg2+ 59. Kd7 Qh3+ 60. Ne6+ Kf7 61. Kxc8 Qxe6+ 62. Qd7+ 1-0

[Event "Wch U12 Girls"]
[Site "Sharm El Sheikh"]
[Date "2023.10.23"]
[Round "8"]
[White "Preobrazhenskaya, Diana"]
[Black "Kholyavko, Mariya"]
[Result "1-0"]
[WhiteElo "2093"]
[BlackElo "1578"]
[PlyCount "107"]
[EventDate "2023.10.16"]
[EventType "swiss"]
[EventRounds "11"]
[EventCountry "EGY"]
[SourceTitle "EXT 2025"]
[Source "ChessBase"]
[SourceDate "2024.10.14"]
[SourceVersion "1"]
[SourceVersionDate "2024.10.14"]
[SourceQuality "1"]

1. e4 c5 2. Nf3 Nc6 3. Bb5 d6 4. 0-0 Bd7 5. Re1 Nf6 6. c3 a6 7. Bf1 e5 8. h3 g6 9. d4 Bg7 10. Nbd2 0-0 11. Nc4 Ne8 12. dxc5 dxc5 13. Qd5 Qc7 14. Qxc5 Rd8 15. Be3 Nf6 16. Qb6 Qc8 17. Bc5 Be6 18. Bxf8 Bxf8 19. Qe3 Qc7 20. Rad1 Re8 21. Ng5 Bc8 22. Nb6 Bh6 23. Nd5 Nxd5 24. exd5 Nb8 25. Qg3 Qd8 26. h4 Nd7 27. d6 b5 28. Bd3 Qf6 29. Bc2 Rf8 30. Bb3 Kh8 31. Qe3 Qg7 32. Qf3 Bxg5 33. hxg5 f6 34. Qg3 Bb7 35. Bd5 Bxd5 36. Rxd5 fxg5 37. Qxg5 Qf7 38. Rd2 Qxa2 39. b4 Qc4 40. Qe3 Rf7 41. Ra1 Qc6 42. f3 Rf4 43. Ra3 Rf5 44. Qa7 e4 45. Qc7 Qa8 46. Qxd7 exf3 47. Qe6 fxg2 48. Ra1 Qf3 49. Qe2 Qxc3 50. Re1 Rh5 51. Qe8+ Kg7 52. Qe7+ Kg8 53. Qd8+ Kg7 54. Qc7+ 1-0

[Event "Wch U12 Girls"]
[Site "Sharm El Sheikh"]
[Date "2023.10.20"]
[Round "5"]
[White "Oyuntugs, Altankhuyag"]
[Black "Kholyavko, Mariya"]
[Result "0-1"]
[WhiteElo "1478"]
[BlackElo "1578"]
[PlyCount "138"]
[EventDate "2023.10.16"]
[EventType "swiss"]
[EventRounds "11"]
[EventCountry "EGY"]
[SourceTitle "EXT 2025"]
[Source "ChessBase"]
[SourceDate "2024.10.14"]
[SourceVersion "1"]
[SourceVersionDate "2024.10.14"]
[SourceQuality "1"]

1. e4 c5 2. Nf3 Nc6 3. d4 cxd4 4. Nxd4 g6 5. c4 Nf6 6. Nc3 Nxd4 7. Qxd4 d6 8. Be2 Bg7 9. Qd1 0-0 10. 0-0 Be6 11. Bd2 Qb6 12. Kh1 Rfc8 13. b3 h5 14. h3 a6 15. Rc1 Qd4 16. Qc2 Qc5 17. Be3 Qa5 18. b4 Qxb4 19. Rb1 Qa5 20. Bb6 Qg5 21. f4 Qh6 22. Na4 d5 23. exd5 Nxd5 24. Qe4 Nf6 25. Qxb7 Bf5 26. Rbe1 Ne4 27. Kh2 Nd6 28. Qxe7 Nxc4 29. Bf3 Rab8 30. Bc7 Bf8 31. Qe2 Rxc7 32. Bd5 Nb6 33. Nxb6 Rxb6 34. Qe3 Rd6 35. Bb3 Qg7 36. Rd1 Qc3 37. Qe8 Rxd1 38. Rxd1 Re7 39. Qb8 Qc8 40. Qb6 Qc7 41. Qf2 Re4 42. Rf1 Bd6 43. Kh1 Rxf4 44. Qe2 Rxf1+ 45. Qxf1 Bg3 46. Bc4 a5 47. Qe2 Qe5 48. Qd1 Qe1+ 49. Qxe1 Bxe1 50. Kg1 Be6 51. Bb5 Bxa2 52. Kf1 Bb4 53. Ba4 Kg7 54. Kf2 Kf6 55. Ke3 Ke5 56. Bc2 Bd5 57. g3 Bc6 58. Bb3 Be8 59. Ba2 g5 60. Kd3 f5 61. Ke3 f4+ 62. gxf4+ gxf4+ 63. Kf3 Bc6+ 64. Kf2 Bc5+ 65. Ke2 f3+ 66. Ke1 f2+ 67. Kf1 Bb5+ 68. Kg2 f1Q+ 69. Kg3 Qf2# 0-1

[Event "World ol U16"]
[Site "Eindhoven"]
[Date "2023.08.15"]
[Round "5.14"]
[White "Begic, Klara"]
[Black "Kholyavko, Mariya"]
[Result "1/2-1/2"]
[WhiteElo "1787"]
[BlackElo "1578"]
[PlyCount "105"]
[EventDate "2023.08.13"]
[EventType "team-swiss"]
[EventRounds "9"]
[EventCountry "NED"]
[SourceTitle "CBM 215 Extra"]
[Source "ChessBase"]
[SourceDate "2023.09.30"]
[SourceVersion "1"]
[SourceVersionDate "2023.09.30"]
[SourceQuality "1"]
[WhiteTeam "Croatia"]
[BlackTeam "Kazakhstan V"]
[WhiteTeamCountry "CRO"]
[BlackTeamCountry "KAZ"]

1. d4 Nf6 2. Nf3 g6 3. g3 Bg7 4. Bg2 0-0 5. 0-0 d6 6. c4 Nc6 7. b3 e5 8. dxe5 dxe5 9. Bb2 e4 10. Ng5 Bf5 11. Na3 Qc8 12. f3 exf3 13. exf3 Rd8 14. Qe1 Bd3 15. Rf2 Qf5 16. Ne4 Nxe4 17. fxe4 Qc5 18. Bxg7 Kxg7 19. Qc3+ Kg8 20. Rd1 Be2 21. Re1 Bg4 22. Nc2 Ne5 23. Qe3 Qe7 24. h3 Be6 25. Nd4 c5 26. Nxe6 Qxe6 27. Rd2 Rd6 28. Red1 Rad8 29. Rd5 b6 30. Qd2 Rxd5 31. cxd5 Qd6 32. Qf4 Re8 33. Rf1 Qd7 34. h4 Qb5 35. h5 Qd7 36. h6 Qd6 37. Kh2 Qe7 38. Bh3 Qf8 39. g4 Qe7 40. g5 Nd3 41. Qf3 Qe5+ 42. Kh1 Qxe4 43. d6 Qxf3+ 44. Rxf3 Nb4 45. d7 Rd8 46. Re3 Kf8 47. Re2 Nd5 48. Bg4 f5 49. gxf6 Nxf6 50. Rf2 Ke7 51. Re2+ Kf8 52. Rf2 Ke7 53. Re2+ 1/2-1/2

[Event "Asian Continental (Women) op 20th"]
[Site "Almaty"]
[Date "2023.06.09"]
[Round "7"]
[White "Weng, Yu Hsin"]
[Black "Kholyavko, Mariya"]
[Result "1/2-1/2"]
[WhiteElo "1614"]
[BlackElo "1579"]
[PlyCount "83"]
[EventDate "2023.06.04"]
[EventType "swiss"]
[EventRounds "9"]
[EventCountry "KAZ"]
[SourceTitle "CBM 214 Extra"]
[Source "ChessBase"]
[SourceDate "2023.07.31"]
[SourceVersion "1"]
[SourceVersionDate "2023.07.31"]
[SourceQuality "1"]

1. d4 Nf6 2. c4 g6 3. Nf3 Bg7 4. Nc3 0-0 5. e4 d6 6. Be2 e5 7. d5 a5 8. Bg5 h6 9. Bh4 Nbd7 10. Nd2 Nc5 11. b3 Qd7 12. h3 Ne8 13. g4 f5 14. gxf5 gxf5 15. Qc2 Qf7 16. 0-0-0 f4 17. Bg4 Nf6 18. Bxc8 Raxc8 19. f3 Qh5 20. Bf2 Na6 21. a3 Kf7 22. Qd3 Nd7 23. Na4 b6 24. Kb2 Bf6 25. Kc3 Bh4 26. Bxh4 Qxh4 27. Rdg1 Rg8 28. Qf1 Rxg1 29. Rxg1 Rg8 30. Rxg8 Kxg8 31. Qg2+ Qg3 32. Qf1 Qh2 33. b4 axb4+ 34. axb4 Nxb4 35. Kxb4 Qxd2+ 36. Kb3 Kf7 37. h4 Ke7 38. Qh3 Qd1+ 39. Kb4 Nf8 40. Qc8 Qd2+ 41. Kb3 Qd3+ 42. Kb4 1/2-1/2